000 00524nam a2200181 a 4500
001 BRCA_2926
005 20190320204030.0
008 151208s1946----mx-a---###---#000-0#spa-u
050 4 _aHC137
_b.P46 1946
100 1 _aPeña, Moises T. de la
_98144
245 1 0 _aVeracruz económico
_cpor Moises T. de la Peña.
260 _aMéxico
_bGobierno del Estado de Veracruz
_c1946
300 _a2 v.
_bil.
_c22 cm.
500 _aB54
651 4 _aVeracruz (Estado)
_xCondiciones económicas
_98145
902 _aGFM
942 _2lcc
_cB
999 _c2665
_d2665